Mapa świata bez 12 państw #1 - Statystyki

Ogólne statystyki
  • Ten quiz został rozwiązany 5 676 razy
  • Średni wynik to 9 z 12
Odpowiedzi na mapie
Odpowiedzi zakodowano w zielono-czerwonej skali na mapie do tego quizu, zgodnie z poniższymi procentami.
 
Statystyki odpowiedzi
Państwo % Poprawnych
Turcja
93%
Norwegia
89%
Japonia
86%
Chile
84%
Korea Południowa
81%
Dania
79%
Nowa Zelandia
78%
Madagaskar
66%
Sri Lanka
66%
Bangladesz
63%
Somalia
54%
Cypr
48%
Nie znaleziono quizów pasujących do podanych kryteriów
Rozkład punktacji
Procent ludzi z każdym wynikiem
Percentyl według liczby udzielonych odpowiedzi
Twoja historia wyników
Nie rozwiązałeś tego quizu